| 000 | 00951cam a22002531i 4500 | ||
|---|---|---|---|
| 003 | SA-RiAUC | ||
| 005 | 20250126054725.0 | ||
| 008 | 250125s1984 su g 000r0 ara c | ||
| 040 |
_aSA-RiAUC _bara _cSA-RiAUC _erda |
||
| 082 | 0 | 4 |
_a081 _qSA-RiAUC |
| 090 |
_a081 _bح ا ف |
||
| 100 | 1 |
_aحافظ، عثمان عبد القادر، _d1327-1413 هجري _eمؤلف. |
|
| 245 | 1 | 0 |
_aصور وأفكار / _cعثمان عبد القادر حافظ. |
| 250 | _aالطبعة الأولى. | ||
| 264 | 1 |
_aجدة، السعودية : _bمطبوعات تهامة، _c1984 |
|
| 300 |
_a395 صفحة ؛ _c24 سم |
||
| 336 |
_aنص _btxt _2rdacontent _3كتاب |
||
| 337 |
_aبدون وسيط _bn _2rdamedia |
||
| 338 |
_aمجلد _bnc _2rdacarrier |
||
| 650 | 7 |
_aالمقالات العربية _zالسعودية _yقرن 14 هجري _2aucsh |
|
| 653 | _aالمعارف العامة | ||
| 942 |
_2ddc _cBOOK _n0 |
||
| 949 |
_aSA-JeALM _d250125 _umohamedma123 _n1 |
||
| 999 |
_c5223 _d5223 |
||